Statistics for Radiohead Albums

Click here to take the quiz!

General Stats

  • This quiz has been taken 1,603 times
  • The average score is 7 of 8

Answer Stats

Hint Answer % Correct
1997OK Computer
97%
1995The Bends
94%
2000Kid A
93%
1993Pablo Honey
92%
2007In Rainbows
90%
2001Amnesiac
80%
2003Hail to the Thief
79%
2011The King of Limbs
68%

Score Distribution

Percentile by Number Answered

Percent of People with Each Score

Your Score History

You have not taken this quiz